Villes françaises avec un festival ou une fête célèbre - Statistiques

Statistiques générales
  • Ce quiz a été pris 81 fois
  • Le résultat moyen est 5 sur 15
Statistiques - réponses
Festival Ville % Correct
Fête des Lumières Lyon
94%
Festival Interceltique Lorient
80%
Fête du Citron Menton
67%
Francofolies La Rochelle
62%
Hellfest Clisson
41%
Festival des Vieilles Charrues Carhaix
38%
Festival du théâtre de rue Aurillac
18%
Garorock Marmande
18%
Rock en Seine Saint-Cloud
16%
Route du Rock Saint-Malo
15%
Festival international du court métrage Clermont-Ferrand
11%
Visa pour l'image Perpignan
4%
Festival international de musique baroque Chalon-sur-Saône
0%
Festival Pablo Casals Collioure
0%
Festival du Conte Uzerche
0%
Aucun quiz correspondant
Distribution des résultats
% des personnes avec chaque résultat
Percentile par nombre de réponses
Votre historique - résultats
Vous n’avez pas pris ce quiz